| 000 | 00927cam a22003017a 4500 | ||
|---|---|---|---|
| 003 | CHAP | ||
| 005 | 20220817043600.0 | ||
| 008 | 991214d1994 it rn 00110 fre d | ||
| 010 | _a79056 | ||
| 011 | _a80028 | ||
| 035 | _a90469 | ||
| 040 | _cCHAP | ||
| 082 |
_a338.9 _bF46f |
||
| 110 | 2 | _aFAO | |
| 245 | 1 | 0 |
_aAspects fondamentaux des stratégies de développement duraable dans les régions sèches _c/par FAO |
| 260 |
_aRoma : _bFAO, _c1994. |
||
| 300 |
_a75 p. : _bilus. |
||
| 590 |
_aBATCH-UPD _b10 _c20130110 _lUCH01 _h1712 |
||
| 590 |
_aBATCH-UPD _b10 _c20130410 _lUCH01 _h1057 |
||
| 590 |
_aBATCH-UPD _b10 _c20130914 _lUCH01 _h1159 |
||
| 590 |
_aCONVERSION _b10 _c20130109 _lUCH01 _h1344 |
||
| 650 | 1 | 4 | _aDesarrollo sustentable. |
| 650 | 1 | 4 |
_aRegiones áridas. _995669 |
| 901 | _aBK | ||
| 905 | _aLilia Sánchez G. | ||
| 942 | _cLIBRO | ||
| 949 |
_a338.9 F46f _bBC _cFAO _d33724000738878 _eFAO1 _h96370 _i90469 _kDonaciØn _sb |
||
| 999 |
_c79056 _d79056 |
||